000 00266nam a2200121 i 4500
001 bg
245 0 _aIch Implantalion /
_cG. Dearnaley.
260 _aAmsterdam,
_c1973.
040 _cBPK
041 _apol
942 _cKS
008 s pl f |000 0 pol
999 _c15822
_d15822
856 _uhttp://koha.tu.koszalin.pl/cgi-bin/koha/opac-detail.pl?biblionumber=15822
_yKatalog online BPK